000 00748nam a2200253Ia 4500
003 OSt
005 20221006145301.0
006 a|||||r|||| 00| 0
007 ta
008 221006b |||||||| |||| 00| 0 eng d
020 _a1565911075
_c
_49.95
024 _a14,337
037 _bGift, Korea Foundation
_cTextual
040 _aEASL
_cEASL
_beng
041 _2eng
_aeng
082 _aQ:414.495, N9
100 _aMASON David A
_9654016
245 0 _aSpirit of the mountains
_b Korea's SAN-SHIN and traditions of mountains-worship
260 _aElizabeth
_bHollym
_c1999
300 _a224p.
_ccm.
490 _v RR
942 _hQ:414.495, N9
_cTEXL
_2CC
999 _c1082423
_d1082423